Rozpoznaj bolid F1 po obrazku - Statystyki

Ogólne statystyki
  • Ten quiz został rozwiązany 19 razy
  • Średni wynik to 13 z 16
Statystyki odpowiedzi
Obrazkowy Odpowiedź % Poprawnych
Aston Martin 2023
94%
Red Bull 2005
94%
Red Bull 2022
94%
Ferrari 2006
88%
Mclaren 2020
88%
Renault 2018
88%
Alpine 2022
81%
BMW Sauber 2008
81%
Haas 2017
81%
Lotus 2015
81%
Mercedes 2013
81%
Williams 2017
81%
Alfa Romeo 2023
75%
Alphatauri 2020
75%
Ferrari 2021
75%
Force India 2015
69%
Nie znaleziono quizów pasujących do podanych kryteriów
Rozkład punktacji
Procent ludzi z każdym wynikiem
Percentyl według liczby udzielonych odpowiedzi
Twoja historia wyników
Nie rozwiązałeś tego quizu